000 00763nam a2200253Ia 4500
003 OSt
005 20221006160903.0
006 a|||||r|||| 00| 0
007 ta
008 221006b |||||||| |||| 00| 0 eng d
020 _a9788976999771
024 _a46,726
037 _cTextual
040 _aEASL
_cEASL
_beng
041 _2eng
_aeng
082 _aP495 k, Q4
100 _aSEOUL NATIONAL UNIVERSITY 'S KOREAN LANGUAGE EDUCTION INSTITUTE
_9675349
245 0 _aEncyclopedia of Korean Language education.
260 _aSeoul
_bHawoo publishers Korea
_c2014
300 _a1437p.
_ccm.
490 _v RR
942 _hP495 k, Q4
_cTEXL
_2CC
999 _c1114815
_d1114815